[Event "DVM U16 2018"]
[Site "Aurich GER"]
[Date "2018.12.27"]
[Round "1"]
[White "Aptyka, Tim"]
[Black "Wang, Ruiming"]
[Result "0-1"]
[Termination "normal"]
[Board "4.4"]
[WhiteElo "1534"]
[BlackElo "1763"]
[WhiteTeam "SG Königskinder Hohentübingen"]
[BlackTeam "SG Leipzig"]
[PlyCount "140"]
[WhiteFideId "16255860"]
[BlackFideId "16217659"]
[EventCountry "GER"]
[EventRounds "7"]
[EventType "team-swiss"]
[EventDate "2018.12.26"]

1. e4 c5 2. Nf3 d6 3. d4 cxd4 4. c3 Nf6 5. Bd3 g6 6. cxd4 Bg7 7. O-O O-O 8. Nc3
Nc6 9. h3 Nd7 10. Be3 Nb6 11. a3 Bd7 12. Bb1 Rc8 13. Ba2 Na5 14. Nd2 Nbc4 15.
Nxc4 Nxc4 16. Bg5 Nxb2 17. Qd2 Nc4 18. Qd3 Nb6 19. f4 Be6 20. Ne2 Bxa2 21. Rxa2
Qd7 22. f5 Rc7 23. Qf3 gxf5 24. exf5 Qb5 25. Bxe7 Rxe7 26. f6 Bxf6 27. Qxf6 Re6
28. Qf3 Qd5 29. Qxd5 Nxd5 30. Ng3 Rc8 31. Nf5 Rc4 32. Rf3 Ra4 33. Raf2 Ne7 34.
Rg3+ Kf8 35. Ne3 Rxa3 36. Rgf3 Raxe3 37. Rxf7+ Ke8 38. Rxh7 a5 39. Rh8+ Kd7 40.
Ra8 b6 41. d5 Nxd5 42. Rff8 Kc6 43. Rac8+ Kb5 44. Rf5 R3e5 45. Rf3 a4 46. Rc2
Nb4 47. Rb2 Kc5 48. Rc3+ Kb5 49. Kh2 Re3 50. Rc8 a3 51. Rf2 a2 52. Ra8 Re1 53.
Rf5+ R6e5 54. Rf7 a1=Q 55. Raf8 Rh1+ 56. Kg3 Qe1+ 57. Kg4 Qe2+ 58. Rf3 Qxg2+
59. Rg3 Re4+ 60. Rf4 Rxf4+ 61. Kxf4 Nd5+ 62. Kg4 Nf6+ 63. Kh4 Qe4+ 64. Kg5 Qe5+
65. Kg6 Qxg3+ 66. Kf7 Qg8+ 67. Ke7 Re1+ 68. Kxd6 Qd5+ 69. Kc7 Re7+ 70. Kb8 Qd8#
0-1

[Event "DVM U16 2018"]
[Site "Aurich GER"]
[Date "2018.12.27"]
[Round "1"]
[White "Schneider, Jana"]
[Black "Post, Hugo"]
[Result "0-1"]
[Termination "normal"]
[Board "5.1"]
[WhiteTitle "FM"]
[WhiteElo "2213"]
[BlackElo "2104"]
[WhiteTeam "Spvgg 1946 Stetten"]
[BlackTeam "Reideburger SV 90 Halle"]
[PlyCount "184"]
[WhiteFideId "12924997"]
[BlackFideId "12962490"]
[EventCountry "GER"]
[EventRounds "7"]
[EventType "team-swiss"]
[EventDate "2018.12.26"]

1. e4 c5 2. Nf3 d6 3. d4 cxd4 4. Nxd4 Nf6 5. Nc3 g6 6. Be3 Bg7 7. f3 O-O 8. Bc4
Nc6 9. Qd2 Nd7 10. O-O-O Nb6 11. Bb3 Na5 12. Qd3 Bd7 13. h4 Rc8 14. h5 Nbc4 15.
hxg6 hxg6 16. Bg5 Nxb3+ 17. axb3 Qa5 18. bxc4 Qxg5+ 19. Kb1 Qc5 20. Nd5 Rfe8
21. Ne3 a6 22. f4 b5 23. Nb3 bxc4 24. Nxc5 cxd3 25. Nxd7 dxc2+ 26. Nxc2 Rc7 27.
e5 Rxd7 28. exd6 Rb8 29. dxe7 Rxe7 30. b4 a5 31. Rh3 axb4 32. Rb3 Bc3 33. Rd3
Rc7 34. g4 Bg7 35. g5 Rc4 36. Rf3 Rd8 37. Ne3 Re4 38. f5 gxf5 39. Rxf5 Bc3 40.
Nd5 Re1+ 41. Kc2 Re2+ 42. Kd3 Rd2+ 43. Kc4 Rd4+ 44. Kc5 Rc8+ 45. Kb5 Kg7 46.
Ne7 Rb8+ 47. Kc5 Rd7 48. Nc6 Rc8 49. Kb5 Rdc7 50. Na5 Rb8+ 51. Ka4 Ra7 52. Rc5
Bd4 53. Rb5 Rxb5 54. Kxb5 Bc3 55. Rb1 Kg6 56. Rg1 Rd7 57. Kc4 Rd4+ 58. Kb3 Rd6
59. Kc4 Re6 60. Kb3 Re5 61. Nc6 Rxg5 62. Ne7+ Kh6 63. Rf1 f6 64. Nf5+ Kg6 65.
Ne7+ Kf7 66. Nc6 Rg4 67. Na5 Ke6 68. Nc4 Rg3 69. Rd1 Kf5 70. Nd6+ Kf4 71. Nb5
f5 72. Kc4 Kg4 73. Nd6 f4 74. Ne4 Re3 75. Nf2+ Kg3 76. Nd3 Re4+ 77. Kb3 Kg2 78.
Nc5 Re3 79. Nd3 f3 80. Nf4+ Kg3 81. Nd5 Re4 82. Rd3 Kg2 83. Ne3+ Rxe3 84. Rxe3
f2 85. Re2 Kg1 86. Rxf2 Kxf2 87. Kc2 Ke2 88. Kb3 Kd3 89. Ka2 Kc4 90. Kb1 Kb3
91. Kc1 Ka2 92. Kc2 b3+ 0-1

[Event "DVM U16 2018"]
[Site "Aurich GER"]
[Date "2018.12.27"]
[Round "1"]
[White "Dietz, Florian"]
[Black "Roth, Jakob"]
[Result "1-0"]
[Termination "normal"]
[Board "5.2"]
[WhiteElo "2049"]
[BlackElo "1883"]
[WhiteTeam "Reideburger SV 90 Halle"]
[BlackTeam "Spvgg 1946 Stetten"]
[PlyCount "111"]
[WhiteFideId "12939897"]
[BlackFideId "12952605"]
[EventCountry "GER"]
[EventRounds "7"]
[EventType "team-swiss"]
[EventDate "2018.12.26"]

1. e4 e6 2. d4 d5 3. Nd2 Nf6 4. e5 Nfd7 5. Bd3 c5 6. c3 Nc6 7. Ne2 cxd4 8. cxd4
f6 9. exf6 Nxf6 10. Nf3 Bd6 11. O-O O-O 12. Bf4 Bxf4 13. Nxf4 Ne4 14. Ne2 Rxf3
15. gxf3 Ng5 16. Kh1 e5 17. dxe5 Nxe5 18. Nd4 Qf6 19. Qb3 Kh8 20. Be2 Bh3 21.
Rg1 Ng4 22. Rxg4 Bxg4 23. Qxb7 Rf8 24. fxg4 Qxd4 25. Qe7 Qf4 26. Qe3 Qxe3 27.
fxe3 Re8 28. Rd1 Rxe3 29. Rxd5 Ne6 30. Bd1 g5 31. Kg1 Nf4 32. Rd8+ Kg7 33. Rd7+
Kf6 34. Kf2 Rh3 35. Kg1 Rd3 36. Rxd3 Nxd3 37. b3 h6 38. Bc2 Nc1 39. a4 Ke5 40.
b4 Kd4 41. b5 Ne2+ 42. Kf2 Nc3 43. Kf3 Kd5 44. Ke3 Kc4 45. h3 Nd5+ 46. Ke4 Nf4
47. h4 Kb4 48. hxg5 hxg5 49. Kf5 Nh3 50. Bd3 Kxa4 51. Bf1 Nf2 52. Kxg5 Ne4+ 53.
Kf4 Nc5 54. g5 Ka5 55. Kf5 Kb6 56. g6 1-0

[Event "DVM U16 2018"]
[Site "Aurich GER"]
[Date "2018.12.27"]
[Round "1"]
[White "Roth, Ludwig"]
[Black "Hundrieser, Malte"]
[Result "0-1"]
[Termination "normal"]
[Board "5.3"]
[WhiteElo "1615"]
[BlackElo "1988"]
[WhiteTeam "Spvgg 1946 Stetten"]
[BlackTeam "Reideburger SV 90 Halle"]
[PlyCount "84"]
[WhiteFideId "12952621"]
[BlackFideId "12997153"]
[EventCountry "GER"]
[EventRounds "7"]
[EventType "team-swiss"]
[EventDate "2018.12.26"]

1. e4 c5 2. Nf3 Nc6 3. d4 cxd4 4. Nxd4 g6 5. Nc3 Bg7 6. Be3 Nf6 7. f3 O-O 8.
Qd2 Re8 9. O-O-O e6 10. Nxc6 bxc6 11. Bh6 d5 12. g4 Qc7 13. h4 dxe4 14. Bxg7
Kxg7 15. Nxe4 Nxe4 16. fxe4 e5 17. Be2 Be6 18. h5 Rad8 19. Qe3 Qb6 20. Qh3 g5
21. h6+ Kg8 22. Qf3 Kf8 23. Bd3 Rb8 24. b3 a5 25. Qf6 Qe3+ 26. Kb1 Qf4 27. Qg7+
Ke7 28. Rdf1 Rg8 29. Qxh7 Qxg4 30. Rf2 Rbf8 31. Rhf1 Qh5 32. Rf6 g4 33. Rxe6+
Kxe6 34. Bc4+ Ke7 35. Rf5 Qg6 36. Rxe5+ Kd6 37. Qxg6+ Rxg6 38. Rh5 g3 39. Rh1
Rh8 40. Bxf7 Rgxh6 41. Rd1+ Ke7 42. Bc4 Rh1 0-1

[Event "DVM U16 2018"]
[Site "Aurich GER"]
[Date "2018.12.27"]
[Round "1"]
[White "Seidel, Arne Christian"]
[Black "Steiner, Luca"]
[Result "1-0"]
[Termination "normal"]
[Board "5.4"]
[WhiteElo "1602"]
[BlackElo "1365"]
[WhiteTeam "Reideburger SV 90 Halle"]
[BlackTeam "Spvgg 1946 Stetten"]
[PlyCount "77"]
[WhiteFideId "16235142"]
[BlackFideId "16205316"]
[EventCountry "GER"]
[EventRounds "7"]
[EventType "team-swiss"]
[EventDate "2018.12.26"]

1. d4 d5 2. c4 Nf6 3. cxd5 Nxd5 4. Nf3 Bg4 5. Ne5 Bd7 6. e4 Nf6 7. Qb3 Be6 8.
d5 Nxd5 9. exd5 Bxd5 10. Bc4 e6 11. Bxd5 Qxd5 12. Qxd5 exd5 13. O-O Bd6 14. Re1
O-O 15. Nc3 c6 16. Bf4 Bc5 17. Nd3 Bd4 18. Re7 b6 19. Rae1 Na6 20. Be5 Bc5 21.
Nxc5 Nxc5 22. Bd6 Ne6 23. R7xe6 fxe6 24. Bxf8 Kxf8 25. Rxe6 Rc8 26. f3 Kf7 27.
Re1 d4 28. Ne4 Rd8 29. Kf2 c5 30. Nd2 b5 31. Re5 Rc8 32. Nb3 c4 33. Nxd4 Rd8
34. Nxb5 a6 35. Nc3 Rb8 36. Re2 Kf6 37. Nd5+ Kg6 38. Ne3 Rc8 39. Rc2 1-0

[Event "DVM U16 2018"]
[Site "Aurich GER"]
[Date "2018.12.27"]
[Round "1"]
[White "Knüdel, Torben"]
[Black "Kittelberger, Mattis"]
[Result "1-0"]
[Termination "normal"]
[Board "6.1"]
[WhiteElo "2204"]
[BlackElo "1790"]
[WhiteTeam "Post SV Uelzen"]
[BlackTeam "SC Aurich"]
[PlyCount "51"]
[WhiteFideId "16208820"]
[BlackFideId "12965103"]
[EventCountry "GER"]
[EventRounds "7"]
[EventType "team-swiss"]
[EventDate "2018.12.26"]

1. e4 c5 2. Nf3 e6 3. d4 cxd4 4. Nxd4 a6 5. Bd3 Nf6 6. O-O Qc7 7. Be3 Be7 8. c4
d6 9. Nc3 Nbd7 10. Rc1 b6 11. b4 O-O 12. f4 Bb7 13. f5 d5 14. cxd5 exf5 15.
Nxf5 Bxb4 16. Na4 Qd8 17. Bd4 b5 18. Nb2 Re8 19. Nxg7 Kxg7 20. Qg4+ Kf8 21. Qh4
Be7 22. Qh6+ Kg8 23. e5 Nxe5 24. Bxe5 Qxd5 25. Bxh7+ Kh8 26. Be4+ 1-0

[Event "DVM U16 2018"]
[Site "Aurich GER"]
[Date "2018.12.27"]
[Round "1"]
[White "Dirks, Simon"]
[Black "von Estorff, Jacob"]
[Result "0-1"]
[Termination "normal"]
[Board "6.2"]
[WhiteElo "1617"]
[BlackElo "2001"]
[WhiteTeam "SC Aurich"]
[BlackTeam "Post SV Uelzen"]
[PlyCount "74"]
[WhiteFideId "16255666"]
[BlackFideId "12974501"]
[EventCountry "GER"]
[EventRounds "7"]
[EventType "team-swiss"]
[EventDate "2018.12.26"]

1. Nf3 Nf6 2. c4 c5 3. Nc3 Nc6 4. e3 e6 5. d4 cxd4 6. exd4 d5 7. Bg5 Be7 8. Rc1
O-O 9. Be2 dxc4 10. Bxc4 b6 11. O-O Bb7 12. Qd2 Rc8 13. Bb3 Na5 14. Ne5 Nxb3
15. axb3 Nd5 16. Bxe7 Nxe7 17. Ra1 a6 18. Rfd1 Qd6 19. Qd3 Rfd8 20. Nf3 Qf4 21.
Qe3 Qg4 22. h3 Qg6 23. Qg5 Bxf3 24. Qxg6 hxg6 25. gxf3 a5 26. Kg2 Rc6 27. Rd2
Rcd6 28. Rad1 Nf5 29. d5 Ne7 30. Kg3 Nxd5 31. Nxd5 Rxd5 32. Rxd5 Rxd5 33. Rxd5
exd5 34. Kf4 f6 35. Ke3 Kf7 36. Kd4 Ke6 37. f4 Kd6 0-1

[Event "DVM U16 2018"]
[Site "Aurich GER"]
[Date "2018.12.27"]
[Round "1"]
[White "Askerov, Imamali"]
[Black "Abele, Anais"]
[Result "1-0"]
[Termination "normal"]
[Board "6.3"]
[WhiteElo "1964"]
[BlackElo "1700"]
[WhiteTeam "Post SV Uelzen"]
[BlackTeam "SC Aurich"]
[PlyCount "79"]
[WhiteFideId "12974498"]
[BlackFideId "16208927"]
[EventCountry "GER"]
[EventRounds "7"]
[EventType "team-swiss"]
[EventDate "2018.12.26"]

1. e4 c5 2. Nf3 d6 3. d4 cxd4 4. Nxd4 Nf6 5. Nc3 a6 6. Rg1 e5 7. Nb3 Be6 8. g4
Be7 9. g5 Nfd7 10. Be3 Nc6 11. Qd2 b5 12. Nd5 Bxd5 13. exd5 Na7 14. h4 Qc7 15.
O-O-O Nc8 16. Kb1 Ncb6 17. f4 Rc8 18. fxe5 Nxe5 19. Qf2 Nbc4 20. Bd4 O-O 21.
Bh3 Ra8 22. h5 a5 23. g6 fxg6 24. Qe2 Bf6 25. hxg6 h6 26. Be6+ Kh8 27. Qh5 a4
28. Nc1 Nd7 29. Ne2 b4 30. Rd3 a3 31. b3 Bxd4 32. Nxd4 Nd2+ 33. Kc1 Rf2 34.
Bxd7 Qxd7 35. Rxd2 Rxd2 36. Kxd2 Qc7 37. Qf3 Qc5 38. Ne2 Re8 39. Rf1 Qc8 40.
Qf5 1-0

[Event "DVM U16 2018"]
[Site "Aurich GER"]
[Date "2018.12.27"]
[Round "1"]
[White "Goldbeck, Kilian"]
[Black "Rothenberg, Nina"]
[Result "0-1"]
[Termination "normal"]
[Board "6.4"]
[WhiteElo "1523"]
[BlackElo "1696"]
[WhiteTeam "SC Aurich"]
[BlackTeam "Post SV Uelzen"]
[PlyCount "76"]
[WhiteFideId "16255674"]
[BlackFideId "16208943"]
[EventCountry "GER"]
[EventRounds "7"]
[EventType "team-swiss"]
[EventDate "2018.12.26"]

1. e4 e6 2. Nf3 d5 3. exd5 exd5 4. d4 Bd6 5. Nc3 c6 6. Be2 Bf5 7. Bg5 Qc7 8.
O-O f6 9. Bd2 Nd7 10. Re1 O-O-O 11. h3 g5 12. a3 h5 13. b4 Ne7 14. b5 g4 15.
bxc6 Qxc6 16. Nh4 gxh3 17. Nb5 Bb8 18. Bb4 h2+ 19. Kh1 Bg4 20. Bxe7 Rde8 21.
Bxg4 hxg4 22. Qxg4 Qxb5 23. g3 Qc6 24. Bxf6 Qxf6 25. Rf1 Re4 26. Qf3 Qxf3+ 27.
Nxf3 Re2 28. Rac1 Nf6 29. c4 dxc4 30. Rxc4+ Kd7 31. Rcc1 Ne4 32. Nxh2 Nxg3+ 33.
Kg1 Nxf1 34. Kxf1 Re4 35. Kg2 Rxh2+ 36. Kf3 Rf4+ 37. Ke3 Rfxf2 38. d5 Bf4+ 0-1

[Event "DVM U16 2018"]
[Site "Aurich GER"]
[Date "2018.12.27"]
[Round "1"]
[White "Lieberwirth, Kasimir"]
[Black "Kopylov, Daniel"]
[Result "1-0"]
[Termination "normal"]
[Board "7.1"]
[WhiteElo "2104"]
[BlackElo "2239"]
[WhiteTeam "SG Turm Leipzig"]
[BlackTeam "TuRa Harksheide Norderstedt"]
[PlyCount "80"]
[WhiteFideId "12988146"]
[BlackFideId "12921971"]
[EventCountry "GER"]
[EventRounds "7"]
[EventType "team-swiss"]
[EventDate "2018.12.26"]

1. e4 e6 2. d4 d5 3. Nc3 Bb4 4. e5 Ne7 5. a3 Bxc3+ 6. bxc3 b6 7. Qg4 Kf8 8. h4
Ba6 9. h5 h6 10. Bxa6 Nxa6 11. Ne2 Nb8 12. a4 Nbc6 13. Ba3 Kg8 14. Qf3 Na5 15.
O-O Nc4 16. Qd3 Rc8 17. Ng3 c5 18. f4 cxd4 19. cxd4 Nf5 20. Nxf5 exf5 21. Rf2
Qd7 22. g4 g6 23. hxg6 fxg6 24. e6 Qxe6 25. Re2 Qf6 26. Rae1 Nxa3 27. Qxa3
Qxd4+ 28. Kh1 Qc5 29. Qb2 Qc3 30. Re8+ Kg7 31. R1e7+ Kf6 32. Re6+ Kf7 33. R8e7+
Kf8 34. Re8+ Kf7 35. R8e7+ Kf8 36. Qxc3 Rxc3 37. Re8+ Kf7 38. R8e7+ Kf8 39.
Rxa7 fxg4 40. Rxg6 Rc8 1-0

[Event "DVM U16 2018"]
[Site "Aurich GER"]
[Date "2018.12.27"]
[Round "1"]
[White "Hovhannisyan, Artur"]
[Black "Weimert, Miriam"]
[Result "1-0"]
[Termination "normal"]
[Board "7.2"]
[WhiteElo "2104"]
[BlackElo "1792"]
[WhiteTeam "TuRa Harksheide Norderstedt"]
[BlackTeam "SG Turm Leipzig"]
[PlyCount "95"]
[WhiteFideId "12986062"]
[BlackFideId "12966703"]
[EventCountry "GER"]
[EventRounds "7"]
[EventType "team-swiss"]
[EventDate "2018.12.26"]

1. e4 c5 2. Nf3 a6 3. c3 d5 4. exd5 Qxd5 5. d4 cxd4 6. cxd4 Nf6 7. Nc3 Qd8 8.
Bc4 e6 9. Bg5 Be7 10. O-O b5 11. Bd3 Bb7 12. Qe2 O-O 13. Rad1 Nbd7 14. Ne5 Nb6
15. Rfe1 Nfd5 16. Bd2 Nf6 17. Bc1 Nbd5 18. Ne4 Rc8 19. Qf3 Ba8 20. Qh3 Nxe4 21.
Bxe4 Nf6 22. Bxa8 Rxa8 23. Nc6 Qc7 24. Nxe7+ Qxe7 25. d5 Qb4 26. dxe6 fxe6 27.
Qxe6+ Kh8 28. a3 Qh4 29. g3 Qh5 30. Qe2 Qh3 31. f3 Rae8 32. Qg2 Qc8 33. Bf4 Nh5
34. Bd6 Rf7 35. Rxe8+ Qxe8 36. Be5 Nf6 37. Bc3 h6 38. Re1 Qc6 39. Qc2 Rf8 40.
Qd3 Ng8 41. Qd4 Qg6 42. f4 h5 43. Re5 Nf6 44. Rg5 Qh6 45. Qc5 Kg8 46. Qe7 Rf7
47. Qe6 Ng4 48. Rxg7+ 1-0

[Event "DVM U16 2018"]
[Site "Aurich GER"]
[Date "2018.12.27"]
[Round "1"]
[White "Ortlepp, Klaudia"]
[Black "Khachatryan, Taron"]
[Result "1/2-1/2"]
[Termination "normal"]
[Board "7.3"]
[WhiteElo "1520"]
[BlackElo "1761"]
[WhiteTeam "SG Turm Leipzig"]
[BlackTeam "TuRa Harksheide Norderstedt"]
[PlyCount "62"]
[WhiteFideId "16206045"]
[BlackFideId "16216598"]
[EventCountry "GER"]
[EventRounds "7"]
[EventType "team-swiss"]
[EventDate "2018.12.26"]

1. e4 c5 2. Nc3 Nc6 3. f4 g6 4. Bc4 Bg7 5. Nf3 a6 6. a4 d6 7. O-O e6 8. f5 exf5
9. d3 Nge7 10. Ng5 Ne5 11. Ba2 O-O 12. Ne2 h6 13. Nf3 Be6 14. Nxe5 dxe5 15. Be3
Qc7 16. Nc3 Rfd8 17. Qe2 f4 18. Bf2 Bxa2 19. Rxa2 b6 20. g3 g5 21. h4 gxh4 22.
gxf4 Ng6 23. Nd5 Nxf4 24. Nxc7 Nxe2+ 25. Kh2 Ra7 26. Bxh4 Rd6 27. Nd5 Nf4 28.
Ne7+ Kh7 29. Nc8 Rad7 30. Nxd6 Rxd6 31. Raa1 Rg6 1/2-1/2

[Event "DVM U16 2018"]
[Site "Aurich GER"]
[Date "2018.12.27"]
[Round "1"]
[White "Striebeck, Enno"]
[Black "Lieberwirth, Nele"]
[Result "1-0"]
[Termination "normal"]
[Board "7.4"]
[WhiteElo "1681"]
[BlackElo "1328"]
[WhiteTeam "TuRa Harksheide Norderstedt"]
[BlackTeam "SG Turm Leipzig"]
[PlyCount "105"]
[WhiteFideId "16254988"]
[BlackFideId "16259483"]
[EventCountry "GER"]
[EventRounds "7"]
[EventType "team-swiss"]
[EventDate "2018.12.26"]

1. d4 d5 2. c4 c6 3. Nc3 Nf6 4. Nf3 Nbd7 5. Bf4 e6 6. e3 Bb4 7. Qb3 Ba5 8. Bd3
O-O 9. O-O Re8 10. Rac1 Nf8 11. Qa3 Bc7 12. Bxc7 Qxc7 13. cxd5 exd5 14. Ne5 Ng6
15. Nb5 Qb8 16. Nd6 Re6 17. Ndxf7 Ng4 18. Bxg6 hxg6 19. Nxg4 Kxf7 20. Ne5+ Kg8
21. f4 Rf6 22. g4 Qd6 23. Qxd6 Rxd6 24. Kg2 Bd7 25. Kg3 Rf8 26. Kh4 Kh7 27. Kg5
Bc8 28. Rf3 Rff6 29. Rh3+ Kg8 30. Rh4 Bd7 31. Rf1 Kf8 32. Rh8+ Ke7 33. Rf3 Rf8
34. Rfh3 Rxh8 35. Rxh8 Be8 36. Rg8 Re6 37. Rxg7+ Kf8 38. Rxb7 a5 39. Ra7 Kg8
40. Rxa5 Re7 41. Ra8 Kg7 42. f5 gxf5 43. gxf5 Kf8 44. Ng6+ Kf7 45. Nxe7 Kxe7
46. Ra7+ Kf8 47. h4 Bf7 48. Kf6 Be8 49. Ra8 c5 50. dxc5 d4 51. exd4 Kg8 52.
Rxe8+ Kh7 53. c6 1-0

[Event "DVM U16 2018"]
[Site "Aurich GER"]
[Date "2018.12.27"]
[Round "1"]
[White "Krastev, Alexander"]
[Black "Zyla, Lennert"]
[Result "1-0"]
[Termination "normal"]
[Board "8.1"]
[WhiteElo "2323"]
[BlackElo "1829"]
[WhiteTeam "Biebertaler SF"]
[BlackTeam "SG Porz"]
[PlyCount "57"]
[WhiteFideId "12989983"]
[BlackFideId "12981567"]
[EventCountry "GER"]
[EventRounds "7"]
[EventType "team-swiss"]
[EventDate "2018.12.26"]

1. e4 c5 2. Nf3 e6 3. Nc3 Nc6 4. d4 cxd4 5. Nxd4 Qc7 6. g3 a6 7. Bg2 Nf6 8. O-O
d6 9. Re1 Be7 10. Nxc6 bxc6 11. e5 dxe5 12. Rxe5 Nd5 13. Nxd5 cxd5 14. Bf4 Qc5
15. Qe2 Bb7 16. c4 Bf6 17. Bxd5 Bxe5 18. Bxb7 Rb8 19. Qxe5 Qxe5 20. Bc6+ Ke7
21. Bxe5 Rbc8 22. Bb7 Rxc4 23. Bxa6 Rc6 24. Bf1 f6 25. Bc3 Rb8 26. a4 Kd6 27.
a5 Kc7 28. a6 Ra8 29. a7 1-0

[Event "DVM U16 2018"]
[Site "Aurich GER"]
[Date "2018.12.27"]
[Round "1"]
[White "Gallasch, Robin"]
[Black "Pralle, Finnegan"]
[Result "0-1"]
[Termination "normal"]
[Board "8.2"]
[WhiteElo "1902"]
[BlackElo "1864"]
[WhiteTeam "SG Porz"]
[BlackTeam "Biebertaler SF"]
[PlyCount "42"]
[WhiteFideId "16222423"]
[BlackFideId "12986615"]
[EventCountry "GER"]
[EventRounds "7"]
[EventType "team-swiss"]
[EventDate "2018.12.26"]

1. d4 Nf6 2. c4 e6 3. Nf3 b6 4. g3 Bb7 5. Bg2 Be7 6. O-O O-O 7. d5 exd5 8. Nh4
Ne4 9. cxd5 Bxh4 10. Bxe4 f5 11. Bg2 Bf6 12. d6 Bxg2 13. Kxg2 Kh8 14. Nc3 c5
15. Qd5 Nc6 16. e4 Bxc3 17. bxc3 fxe4 18. Bg5 Qe8 19. Rae1 Qh5 20. Rxe4 Qf3+
21. Kg1 Rf5 0-1

[Event "DVM U16 2018"]
[Site "Aurich GER"]
[Date "2018.12.27"]
[Round "1"]
[White "Engert, Kiyan"]
[Black "Sewald, Richard"]
[Result "1/2-1/2"]
[Termination "normal"]
[Board "8.3"]
[WhiteElo "1718"]
[BlackElo "1687"]
[WhiteTeam "Biebertaler SF"]
[BlackTeam "SG Porz"]
[PlyCount "89"]
[WhiteFideId "16214870"]
[BlackFideId "12983586"]
[EventCountry "GER"]
[EventRounds "7"]
[EventType "team-swiss"]
[EventDate "2018.12.26"]

1. d4 Nf6 2. c4 e6 3. Nf3 b6 4. Nc3 Bb7 5. e3 Be7 6. Bd3 d5 7. O-O Nbd7 8. cxd5
exd5 9. Qc2 O-O 10. Bd2 Rc8 11. Rac1 c5 12. Qb1 Re8 13. a3 Bd6 14. b4 c4 15.
Bc2 a6 16. a4 Qe7 17. b5 a5 18. Nh4 g6 19. Nf3 Ne4 20. Be1 f5 21. Ne2 Ndf6 22.
h3 Rc7 23. Bxe4 Nxe4 24. Nd2 Nxd2 25. Bxd2 Qe4 26. Nc3 Qxb1 27. Rxb1 Rce7 28.
f4 Bb4 29. Rbc1 Kf7 30. Rc2 Re6 31. Kf2 Ke7 32. Nb1 Bd6 33. Re1 Kf6 34. h4 h6
35. Rcc1 Kf7 36. Bc3 Be7 37. g3 g5 38. hxg5 hxg5 39. Nd2 g4 40. Rh1 Kg6 41. Nb1
Kg7 42. Rh2 Rh6 43. Rxh6 Kxh6 44. Rh1+ Kg6 45. Bb2 1/2-1/2

[Event "DVM U16 2018"]
[Site "Aurich GER"]
[Date "2018.12.27"]
[Round "1"]
[White "Sporer, Benedikt"]
[Black "Engländer, Leon Arne"]
[Result "1/2-1/2"]
[Termination "normal"]
[Board "8.4"]
[WhiteElo "1306"]
[BlackElo "1729"]
[WhiteTeam "SG Porz"]
[BlackTeam "Biebertaler SF"]
[PlyCount "83"]
[WhiteFideId "16274849"]
[BlackFideId "12997226"]
[EventCountry "GER"]
[EventRounds "7"]
[EventType "team-swiss"]
[EventDate "2018.12.26"]

1. e4 e5 2. Nf3 Nc6 3. Bc4 Nf6 4. d3 Be7 5. Bg5 d6 6. c3 a6 7. Nbd2 b5 8. Bxf6
Bxf6 9. Bd5 Bd7 10. Bb3 O-O 11. a4 Na5 12. Qc2 c6 13. Ba2 c5 14. Bd5 Ra7 15.
axb5 Bxb5 16. O-O Qc7 17. Rfd1 Nc6 18. Nb3 Ne7 19. c4 Nxd5 20. cxb5 Nb4 21. Qc4
axb5 22. Qxb5 Rb8 23. Qc4 Rab7 24. Nfd2 Bg5 25. Na5 Rb5 26. Ndb3 Nc6 27. Nxc6
Qxc6 28. Na5 Qc7 29. Qc3 Rxb2 30. Nc4 R2b4 31. g3 g6 32. Ra6 Rb3 33. Qc2 Be7
34. Rda1 f6 35. Ra7 R3b7 36. R7a6 Qd8 37. Qa2 Kg7 38. Na5 Rb2 39. Qd5 Rb1+ 40.
Rxb1 Rxb1+ 41. Kg2 Kh6 42. Nc6 1/2-1/2

[Event "DVM U16 2018"]
[Site "Aurich GER"]
[Date "2018.12.27"]
[Round "1"]
[White "Waffenschmidt, Lars"]
[Black "Stelmaszyk, Nico"]
[Result "0-1"]
[Termination "normal"]
[Board "9.1"]
[WhiteElo "1903"]
[BlackElo "1902"]
[WhiteTeam "SK Bebenhausen"]
[BlackTeam "SK Lehrte"]
[PlyCount "90"]
[WhiteFideId "16244656"]
[BlackFideId "16200462"]
[EventCountry "GER"]
[EventRounds "7"]
[EventType "team-swiss"]
[EventDate "2018.12.26"]

1. e4 c5 2. c3 Nf6 3. e5 Nd5 4. d4 cxd4 5. Nf3 Nc6 6. cxd4 d6 7. Bc4 Nb6 8. Bb3
d5 9. h3 Bf5 10. O-O e6 11. Bg5 Be7 12. Bxe7 Qxe7 13. Nc3 a6 14. Na4 Nd7 15.
Rc1 Be4 16. Nh2 O-O 17. Qd2 Rac8 18. Rfe1 Qb4 19. Qxb4 Nxb4 20. Rxc8 Rxc8 21.
Nc3 Nd3 22. Re2 Nf4 23. Rd2 Bxg2 24. Ne2 Nxe2+ 25. Kxg2 Nc1 26. Kf3 Nxb3 27.
axb3 f6 28. exf6 gxf6 29. Ng4 Kf7 30. Re2 Rc6 31. Kf4 h5 32. Nh2 Rb6 33. Nf3
Rxb3 34. Rc2 Ke7 35. Re2 Kd6 36. h4 e5+ 37. dxe5+ fxe5+ 38. Nxe5 Nxe5 39. Rxe5
Rf3+ 40. Kxf3 Kxe5 41. Ke3 a5 42. Kd3 a4 43. Kc3 Kf4 44. Kd4 Kf3 45. Kxd5 Kxf2
0-1

[Event "DVM U16 2018"]
[Site "Aurich GER"]
[Date "2018.12.27"]
[Round "1"]
[White "Meiwes, Thore"]
[Black "Freiherr von Hauff, Christopher"]
[Result "0-1"]
[Termination "normal"]
[Board "9.2"]
[WhiteElo "1959"]
[BlackElo "1802"]
[WhiteTeam "SK Lehrte"]
[BlackTeam "SK Bebenhausen"]
[PlyCount "72"]
[WhiteFideId "16201256"]
[BlackFideId "16200691"]
[EventCountry "GER"]
[EventRounds "7"]
[EventType "team-swiss"]
[EventDate "2018.12.26"]

1. d4 Nf6 2. Bf4 c5 3. e3 cxd4 4. exd4 d5 5. c3 Bf5 6. Nf3 Nc6 7. Nbd2 e6 8.
Qb3 Qc8 9. Nh4 Bg4 10. h3 Bh5 11. g4 Bg6 12. Nxg6 hxg6 13. Bg2 Qd7 14. O-O-O
Rc8 15. Kb1 Na5 16. Qc2 b5 17. Qd3 Nc4 18. Rc1 Bd6 19. Bxd6 Qxd6 20. Nxc4 bxc4
21. Qe3 O-O 22. Bf3 Rb8 23. h4 Rb5 24. Rc2 Rfb8 25. Kc1 Qb6 26. Qe2 Ra5 27. a3
Qb3 28. h5 gxh5 29. gxh5 Qa2 30. h6 Rab5 31. hxg7 Rxb2 32. Rh8+ Kxg7 33. Rxb8
Qb1+ 34. Kd2 Rxc2+ 35. Ke3 Rxe2+ 36. Bxe2 Qxb8 0-1

[Event "DVM U16 2018"]
[Site "Aurich GER"]
[Date "2018.12.27"]
[Round "1"]
[White "Ortner, Jonas Ruben"]
[Black "Reimer, Philip"]
[Result "0-1"]
[Termination "normal"]
[Board "9.3"]
[WhiteElo "1710"]
[BlackElo "1666"]
[WhiteTeam "SK Bebenhausen"]
[BlackTeam "SK Lehrte"]
[PlyCount "114"]
[WhiteFideId "16235118"]
[BlackFideId "16235860"]
[EventCountry "GER"]
[EventRounds "7"]
[EventType "team-swiss"]
[EventDate "2018.12.26"]

1. e4 c5 2. Nf3 e6 3. d4 cxd4 4. Nxd4 Nc6 5. Nc3 Nf6 6. Ndb5 d6 7. Bf4 e5 8.
Bg5 a6 9. Na3 b5 10. Nd5 Be7 11. Bxf6 Bxf6 12. c3 Bg5 13. Nc2 O-O 14. a4 bxa4
15. Rxa4 a5 16. Bc4 Be6 17. Nce3 Kh8 18. b3 f5 19. Nxf5 Bxf5 20. exf5 Rxf5 21.
Bd3 Rf8 22. h4 Bh6 23. g4 Bf4 24. Qe2 e4 25. Rxe4 Be5 26. f4 Qb8 27. fxe5 Qxb3
28. Rc4 Nxe5 29. Qe4 Nf3+ 30. Ke2 Qb2+ 31. Bc2 Rae8 32. Ne7 Rxe7 33. Qxe7 Qxc2+
34. Kf1 Nh2+ 35. Ke1 Nf3+ 36. Kf1 Qd3+ 37. Kf2 Qd2+ 38. Kg3 Rg8 39. Rf1 Ne5 40.
Rcf4 Qxc3+ 41. Kg2 Qc6+ 42. Kg1 Qc5+ 43. Kh2 Ng6 44. Qf7 Nxf4 45. Rxf4 a4 46.
h5 Qe5 47. Kh3 a3 48. Rf3 Qb2 49. Rf2 Qb1 50. Rf5 a2 51. h6 a1=Q 52. Re5 Qxe5
53. hxg7+ Qxg7 54. Qf3 Qbg6 55. g5 Qxg5 56. Qf4 Qg3+ 57. Qxg3 Qxg3# 0-1